| 000 | 00647nam a22002177a 4500 | ||
|---|---|---|---|
| 005 | 20241217140042.0 | ||
| 008 | 241217b ||||| |||| 00| 0 eng d | ||
| 020 | _a9781108700580 | ||
| 040 | _cAL | ||
| 041 | _aEnglish | ||
| 082 |
_223 _a341.04 _bHAML |
||
| 100 |
_aHamlyn _9191410 |
||
| 245 | _aLawyers and the Public Good : Democracy in Action | ||
| 260 |
_aNew Delhi _bCambridge University Press _c 2018 |
||
| 300 |
_axxii,218 p. _bPB _c21.5x14 cm |
||
| 365 |
_a1172 _b₹393.835 _c₹ _d₹539.50 _e27% _f14-12-2024 |
||
| 440 |
_aThe Hamlyn Lectures _9191411 |
||
| 650 |
_aLaw _9191412 |
||
| 700 |
_aAlan Paterson _9191413 |
||
| 942 |
_2ddc _cBK |
||
| 999 |
_c233027 _d233027 |
||